| 000 | 00998nam a22002657a 4500 | ||
|---|---|---|---|
| 005 | 20221026030326.0 | ||
| 008 | 221026b |||||||| |||| 00| 0 eng d | ||
| 020 | _a978-971-9676-69-0 | ||
| 082 | _aFil. 001.4 P953 2016 | ||
| 100 |
_aRocina, Jose Aime R. _eauthor |
||
| 245 |
_aA primer on the conduct of research / _cJose Aime R. Rocina, Avelina M. Aquino, Carl O. Dellomos, Amelita B. Victoria, Catleya C. Yee, Helen F. Dupale, Vicky P. Vilal, Dynah D. Soriano; Bernadeth B. Enriquez, consultant |
||
| 260 |
_aMalabon City: _bJimczyville Publication, _cc2016. |
||
| 300 | _aiv, 184p. | ||
| 490 | _aOBE compliant | ||
| 541 | _e5411 | ||
| 650 | _aResearch | ||
| 700 |
_aAquino, Avelina M. _eauthor |
||
| 700 |
_aDellomos, Carl O. _eauthor |
||
| 700 |
_aVictoria, Amelita B. _eauthor |
||
| 700 |
_aYee, Catleya C. _eauthor |
||
| 700 |
_aDupale. Helen F. _eauthor |
||
| 700 |
_aVilal, Vicky P. _eauthor |
||
| 700 |
_aSoriano, Dynah D. _eauthor |
||
| 700 |
_aEnriquez, Bernadette B. _econsultant |
||
| 999 |
_c84 _d84 |
||